000 00475cam a22001457a 4500
008 180718b1996 xxu||||| |||| 00| 0 eng d
082 _aA99/Sh18 G699
245 _aEssays on Sankaradeva
_cedited by Ranjit Kumar Dev Goswami
260 _aGuwahati
_bLawyer's Book Stall
_c1996
300 _a283p.
650 _aPoetry, Ancient - India
650 _aIndia - Religion - Philosophy
650 _aShankaradeva - Criticism and interpretation
700 _aGoswami, Ranjit Kumar Dev
999 _c397305
_d397305